| Tag |
First Indicator |
Second Indicator |
Subfields |
| LEADER |
00000cam a2200000 4500 |
| 001 |
in00000034810 |
| 005 |
20151007063413.0 |
| 008 |
800703s1943 it 00000 itae |
| 010 |
|
|
|a 45016147
|
| 035 |
|
|
|a (OCoLC)06480836
|
| 035 |
|
|
|9 AAD7320AM
|
| 040 |
|
|
|a DLC
|c TXA
|d TXA
|d UtOrBLW
|
| 049 |
|
|
|a TXAM
|c [194087]
|
| 050 |
|
0 |
|a PQ4050.E5
|b P7 1943
|
| 082 |
0 |
|
|a 820.4
|
| 092 |
|
|
|a 850.4
|b P921m2
|
| 100 |
1 |
|
|a Praz, Mario,
|d 1896-1982.
|
| 245 |
1 |
0 |
|a Machiavelli in Inghilterra :
|b ed altri saggi.
|
| 250 |
|
|
|a 2. ed.
|
| 264 |
|
1 |
|a [Roma] :
|b Tumminelli,
|c [1943]
|
| 300 |
|
|
|a 3 pages ., [9]-357 pages, 2 . ;
|c 19 cm.
|
| 336 |
|
|
|a text
|b txt
|2 rdacontent
|
| 337 |
|
|
|a unmediated
|b n
|2 rdamedia
|
| 338 |
|
|
|a volume
|b nc
|2 rdacarrier
|
| 490 |
0 |
|
|a Nuova biblioteca italiana, diretta da Arnaldo Bocelli, 8
|
| 504 |
|
|
|a Includes bibliographical references and index.
|
| 600 |
1 |
0 |
|a Machiavelli, Niccolò,
|d 1469-1527.
|
| 650 |
|
0 |
|a Comparative literature
|x Italian and English.
|
| 650 |
|
0 |
|a Comparative literature
|x English and Italian.
|
| 999 |
|
|
|a MARS
|
| 999 |
f |
f |
|s 0daacfe1-5850-3204-9edc-46abd81fc745
|i 53e952bb-cd2d-3432-88cd-c2cdf3b70260
|t 0
|
| 952 |
f |
f |
|p normal
|a Texas A&M University
|b College Station
|c Sterling C. Evans Library
|d Evans: Library Stacks
|t 0
|e PQ4050.E5 P7 1943
|h Library of Congress classification
|i unmediated -- volume
|m A14801375227
|
| 952 |
f |
f |
|p ric
|a Texas A&M University
|b Rellis Campus
|c Joint Library Facility
|d Remote Storage
|t 0
|e PQ4050.E5 P7 1943
|h Library of Congress classification
|i unmediated -- volume
|m A14816873175
|
| 998 |
f |
f |
|a PQ4050.E5 P7 1943
|t 0
|l Remote Storage
|
| 998 |
f |
f |
|a PQ4050.E5 P7 1943
|t 0
|l Evans: Library Stacks
|